000 00737nac a22002417a 4500
001 BR9504276
003 BR-BrBNA
005 20240105121634.0
008 230509b bl.|||m| |||| 00| 0 por d
040 _aBR-BrBNA
_bpor
_cBiblioteca Nacional de Agricultura
072 _aE80
090 _a0910 BR9504276
100 1 _aMonks, M.S.
110 1 _aCentro Nacional de Pesquisa de Fruteiras de Clima Tropical, Pelotas, RS (Brasil)
_91768
245 1 _aUtilizacao caseira de amora-preta
260 3 _aPelotas, RS (Brasil):
_c1989.
300 _a2 p.
490 _aInformativo do CNPFT (Brazil)
_vno. 27
_x
650 _aAmora Preta
650 _aCulinaria
909 _a202312
_bLúcia Elande
_c55
_dLúcia Elande
942 _2AGRIS
_n0
_cMS
999 _c286498
_d286498